| 000 | 00485nam a22001697a 4500 | ||
|---|---|---|---|
| 005 | 20251108164831.0 | ||
| 008 | 250721s1974 xx 000 0 ara d | ||
| 082 | 1 | 4 | _a616.462/محم |
| 100 | 1 | _aرفعت، محمد | |
| 245 | 1 | 0 | _aالسكر و علاجه / |
| 264 | 1 |
_aبيروت : _bدار المعرفة، _c1974. |
|
| 300 | _a232ص : مص | ||
| 490 | 0 | _aسلسلة مكتبة البيت الطبية ؛ 9 | |
| 650 | 1 | 7 | _aمرض السكر |
| 942 |
_2ddc _cBK |
||
| 999 |
_c15453 _d15453 |
||